[Event "AUT-ch Vor4 Internet"]
[Site "Playchess.com INT"]
[Date "2020.04.25"]
[Round "9"]
[White "Janes, Christian"]
[Black "Kuzmanovic, Zeljko"]
[Result "1-0"]
[WhiteElo "1740"]
[BlackElo "1811"]
[PlyCount "83"]
[EventDate "2020.04.25"]
[EventType "swiss (blitz)"]
[EventRounds "9"]
[EventCountry "AUT"]
[SourceTitle "EXT 2021"]
[Source "ChessBase"]
[SourceDate "2020.10.23"]
[SourceVersion "1"]
[SourceVersionDate "2020.10.23"]
[SourceQuality "1"]

1. e4 d6 2. Nf3 Nf6 3. Nc3 g6 4. d4 Bg7 5. Bc4 0-0 6. 0-0 c6 7. Bg5 b5 8. Bb3 b4 9. Na4 Nxe4 10. Re1 Nxg5 11. Nxg5 e6 12. Re3 d5 13. Nf3 Nd7 14. a3 bxa3 15. Rxa3 Nb6 16. Nxb6 Qxb6 17. Ba4 Bb7 18. Rec3 f6 19. Rab3 Qa6 20. Ra3 Qb6 21. Rcb3 Qc7 22. Rc3 Rfc8 23. Qd3 Bf8 24. Rab3 Bd6 25. h3 e5 26. dxe5 fxe5 27. Nh4 Qe7 28. Nxg6 hxg6 29. Qxg6+ Qg7 30. Qxd6 Rd8 31. Qe6+ Qf7 32. Rg3+ Kf8 33. Qh6+ Ke8 34. Qh8+ Kd7 35. Rxb7+ Ke6 36. Qh6+ Qf6 37. Rg6 Rf8 38. Rxf6+ Rxf6 39. Qe3 Kd6 40. Rxa7 d4 41. Qg5 Re8 42. Qxf6+ 1-0

[Event "AUT-ch Vor4 Internet"]
[Site "Playchess.com INT"]
[Date "2020.04.25"]
[Round "1"]
[White "Wohlfahrt, Herbert J"]
[Black "Kuzmanovic, Zeljko"]
[Result "1-0"]
[WhiteElo "2285"]
[BlackElo "1811"]
[PlyCount "81"]
[EventDate "2020.04.25"]
[EventType "swiss (blitz)"]
[EventRounds "9"]
[EventCountry "AUT"]
[SourceTitle "EXT 2021"]
[Source "ChessBase"]
[SourceDate "2020.10.23"]
[SourceVersion "1"]
[SourceVersionDate "2020.10.23"]
[SourceQuality "1"]

1. Nf3 g6 2. d4 Bg7 3. c4 d6 4. Nc3 Nf6 5. e4 0-0 6. Be2 c6 7. 0-0 Qc7 8. Be3 Ng4 9. Bg5 h6 10. Bd2 e5 11. d5 f5 12. Nh4 Kh7 13. exf5 gxf5 14. Qc2 Kg8 15. h3 Nf6 16. Nxf5 cxd5 17. Nxg7 Kxg7 18. cxd5 Nxd5 19. Rac1 Nf4 20. Bxf4 Rxf4 21. Nd5 Qxc2 22. Rxc2 Bf5 23. Nxf4 Bxc2 24. Ne6+ Kf6 25. Nc7 Nc6 26. Nxa8 Nd4 27. Bd1 Be4 28. Re1 Bd3 29. Nc7 e4 30. Nd5+ Ke5 31. Nc3 d5 32. f3 Kf4 33. fxe4 dxe4 34. Nd5+ Ke5 35. Ne3 Kf4 36. Kf2 b5 37. g3+ Ke5 38. Ng4+ Kf5 39. Nxh6+ Kg5 40. Ng4 Nf5 41. h4+ 1-0

[Event "AUT-ch Vor1 Internet"]
[Site "Playchess.com INT"]
[Date "2020.04.11"]
[Round "6"]
[White "Doujak, Gabriel Andreas"]
[Black "Kuzmanovic, Zeljko"]
[Result "1-0"]
[WhiteElo "1980"]
[BlackElo "1811"]
[PlyCount "57"]
[EventDate "2020.04.11"]
[EventType "swiss (blitz)"]
[EventRounds "9"]
[EventCountry "AUT"]
[SourceTitle "CBM 195 Extra"]
[Source "ChessBase"]
[SourceDate "2020.05.31"]
[SourceVersion "1"]
[SourceVersionDate "2020.05.31"]
[SourceQuality "1"]

1. e4 d6 2. d4 Nf6 3. Nc3 g6 4. Be3 Bg7 5. f3 0-0 6. Qd2 Nc6 7. Bc4 e5 8. Nge2 Re8 9. 0-0-0 a6 10. g4 b5 11. Bb3 Rb8 12. h4 Na5 13. g5 Nh5 14. a4 Nxb3+ 15. cxb3 bxa4 16. bxa4 Bd7 17. Rdg1 Rb4 18. Nd5 Rxa4 19. Ng3 exd4 20. Bf2 c6 21. Nxh5 gxh5 22. Nf6+ Bxf6 23. gxf6+ Kh8 24. Qh6 Ra1+ 25. Kc2 Rxg1 26. Rxg1 Rg8 27. Rg7 Qxf6 28. Qxf6 Rxg7 29. Bxd4 1-0

[Event "AUT-ch Vor1 Internet"]
[Site "Playchess.com INT"]
[Date "2020.04.11"]
[Round "1"]
[White "Kuzmanovic, Zeljko"]
[Black "Kainz, Josef"]
[Result "1-0"]
[WhiteElo "1811"]
[BlackElo "2005"]
[PlyCount "61"]
[EventDate "2020.04.11"]
[EventType "swiss (blitz)"]
[EventRounds "9"]
[EventCountry "AUT"]
[SourceTitle "CBM 195 Extra"]
[Source "ChessBase"]
[SourceDate "2020.05.31"]
[SourceVersion "1"]
[SourceVersionDate "2020.05.31"]
[SourceQuality "1"]

1. Nf3 Nf6 2. c4 g6 3. d4 Bg7 4. g3 0-0 5. Bg2 d5 6. b3 c6 7. 0-0 a5 8. Nc3 Bg4 9. h3 Bf5 10. Nh4 Be6 11. Qd3 Na6 12. a3 Re8 13. Rd1 b6 14. e4 dxe4 15. Nxe4 Nxe4 16. Bxe4 Rc8 17. a4 f5 18. Bg2 Bf7 19. Ba3 Nb4 20. Bxb4 axb4 21. Nf3 c5 22. Rac1 cxd4 23. Nxd4 Bxd4 24. Qxd4 e5 25. Qe3 Qc7 26. Bd5 f4 27. Qf3 Rcd8 28. gxf4 Bxd5 29. cxd5 exf4 30. Rxc7 g5 31. Qh5 1-0

[Event "AUT-ch Vor1 Internet"]
[Site "Playchess.com INT"]
[Date "2020.04.11"]
[Round "4"]
[White "Trippold, Denise"]
[Black "Kuzmanovic, Zeljko"]
[Result "1-0"]
[WhiteElo "2150"]
[BlackElo "1811"]
[PlyCount "127"]
[EventDate "2020.04.11"]
[EventType "swiss (blitz)"]
[EventRounds "9"]
[EventCountry "AUT"]
[SourceTitle "CBM 195 Extra"]
[Source "ChessBase"]
[SourceDate "2020.05.31"]
[SourceVersion "1"]
[SourceVersionDate "2020.05.31"]
[SourceQuality "1"]

1. d4 Nf6 2. c4 g6 3. Nc3 Bg7 4. e4 d6 5. Nf3 0-0 6. h3 c6 7. Be3 Nbd7 8. g4 Qc7 9. Qd2 e5 10. d5 a6 11. a4 cxd5 12. cxd5 b6 13. Rc1 Nc5 14. Qc2 Qb7 15. Nd2 h5 16. g5 Ne8 17. Rg1 Bd7 18. h4 Qc8 19. Qd1 Bg4 20. f3 Bh3 21. Qe2 Bxf1 22. Qxf1 Kh7 23. Rg3 f5 24. gxf6 Nxf6 25. b4 Nxa4 26. Ndb1 Nxc3 27. Rxc3 Qd7 28. Qg1 b5 29. Rxg6 Ng4 30. Rxg7+ Qxg7 31. fxg4 Rf3 32. gxh5 Qf6 33. Qg6+ Qxg6 34. hxg6+ Kxg6 35. Nd2 Rh3 36. Ke2 Rf8 37. Rc6 Rf6 38. Bg5 Rh2+ 39. Kd3 Rff2 40. Rxd6+ Kh5 41. Rxa6 Rh3+ 42. Kc2 Kg4 43. d6 Rf7 44. Be7 Rh2 45. d7 Rxe7 46. d8Q Rf7 47. Qg8+ Kh3 48. Qxf7 Rg2 49. Qf3+ Kh2 50. Qxg2+ Kxg2 51. h5 Kg3 52. h6 Kf4 53. h7 Ke3 54. h8Q Kf2 55. Qh3 Kg1 56. Nf3+ Kf2 57. Rd6 Ke2 58. Rd2+ Ke3 59. Qh6+ Kxe4 60. Nxe5 Kxe5 61. Qe3+ Kf5 62. Rf2+ Kg4 63. Qf4+ Kh3 64. Rh2# 1-0

[Event "Innsbruck op-B 3rd"]
[Site "Innsbruck"]
[Date "2019.08.28"]
[Round "5"]
[White "Kublanov, Carolin"]
[Black "Kuzmanovic, Zeljko"]
[Result "0-1"]
[WhiteElo "1703"]
[BlackElo "1803"]
[PlyCount "70"]
[EventDate "2019.08.25"]
[EventType "swiss"]
[EventRounds "9"]
[EventCountry "AUT"]
[SourceTitle "EXT 2020"]
[Source "ChessBase"]
[SourceDate "2019.10.17"]
[SourceVersion "1"]
[SourceVersionDate "2019.10.17"]
[SourceQuality "1"]

1. e4 d6 2. d4 Nf6 3. Nc3 g6 4. f4 Bg7 5. Nf3 0-0 6. h3 c5 7. Be3 cxd4 8. Nxd4 Nh5 9. Qf3 Nxf4 10. 0-0-0 Ne6 11. Bc4 Nc6 12. Ndb5 a5 13. Na3 Ne5 14. Qf2 Nxc4 15. Nxc4 b5 16. Nb6 Rb8 17. Ncd5 Bb7 18. h4 Nc7 19. h5 e6 20. Nxc7 Qxc7 21. hxg6 Bxe4 22. Rxh7 fxg6 23. Rxg7+ Kxg7 24. Qe2 d5 25. Rh1 Rf5 26. Qd2 Rh8 27. Re1 Rh2 28. Bd4+ Kh7 29. c3 Rxg2 30. Rh1+ Rh5 31. Rxh5+ gxh5 32. Qe1 Qf4+ 33. Be3 Rc2+ 34. Kd1 Qf3+ 35. Qe2 Qxe2# 0-1

[Event "Innsbruck op-B 2nd"]
[Site "Innsbruck"]
[Date "2018.08.28"]
[Round "5"]
[White "Lerch, Johannes"]
[Black "Kuzmanovic, Zeljko"]
[Result "0-1"]
[WhiteElo "1598"]
[BlackElo "1736"]
[PlyCount "176"]
[EventDate "2018.08.24"]
[EventType "swiss"]
[EventRounds "9"]
[EventCountry "AUT"]
[SourceTitle "CBM 186 Extra"]
[Source "ChessBase"]
[SourceDate "2018.08.24"]
[SourceVersion "1"]
[SourceVersionDate "2018.08.24"]
[SourceQuality "1"]

1. e4 d6 2. Nc3 g6 3. g3 Bg7 4. Bg2 e5 5. Nge2 Nf6 6. d4 Nc6 7. dxe5 dxe5 8. Qxd8+ Nxd8 9. h3 c6 10. Be3 Ne6 11. 0-0-0 b5 12. Rd2 Bd7 13. Rhd1 c5 14. f4 b4 15. Nb1 Bc6 16. Rd5 Bxd5 17. exd5 Nd4 18. fxe5 Nxe2+ 19. Kd2 Nd4 20. exf6 Bxf6 21. c3 bxc3+ 22. bxc3 Nb5 23. Bxc5 Rc8 24. Bb4 Kd7 25. a4 Nd6 26. Na3 Rhe8 27. Rf1 Bg5+ 28. Kd1 Nf5 29. Nc2 f6 30. g4 Ng3 31. Re1 Rxe1+ 32. Nxe1 Re8 33. Bf3 Nf1 34. Nc2 Nd2 35. Be2 Kc7 36. d6+ Kb6 37. Bb5 Rd8 38. d7 f5 39. Nd4 Ne4 40. Ne6 Ra8 41. c4 Bd8 42. c5+ Kb7 43. a5 a6 44. Bc4 Kc6 45. gxf5 gxf5 46. Nd4+ Kxd7 47. Be6+ Kc7 48. Bd5 Rb8 49. Ne6+ Kc8 50. Bd2 Nxd2 51. Kxd2 Bxa5+ 52. Kd3 Kd7 53. Kd4 Rb4+ 54. Ke5 f4 55. c6+ Kc8 56. Kd6 Rb5 57. Nd4 Bc7+ 58. Ke6 Rb1 59. Bc4 Ra1 60. Nf3 Ra3 61. Ng5 h6 62. Nf7 f3 63. Nxh6 f2 64. Ng4 Bg3 65. Bf1 Kc7 66. Kd5 Ra1 67. Ne3 Bf4 68. Ke4 Bxe3 69. Kxe3 Rxf1 70. Ke2 Rh1 71. Kxf2 Rxh3 72. Kg2 Re3 73. Kf2 Re6 74. Kf3 Kxc6 75. Kf4 Kd5 76. Kf5 a5 77. Kg4 Rf6 78. Kg3 Rf5 79. Kg4 Ke4 80. Kg3 Rf4 81. Kg2 Rf3 82. Kh2 Kf4 83. Kg2 Kg4 84. Kh2 Rg3 85. Kh1 Kf3 86. Kh2 Rg7 87. Kh1 Kf2 88. Kh2 Rh7# 0-1

[Event "Innsbruck op-B 2nd"]
[Site "Innsbruck"]
[Date "2018.08.26"]
[Round "3"]
[White "Busch, Jan"]
[Black "Kuzmanovic, Zeljko"]
[Result "1-0"]
[WhiteElo "1633"]
[BlackElo "1736"]
[PlyCount "59"]
[EventDate "2018.08.24"]
[EventType "swiss"]
[EventRounds "9"]
[EventCountry "AUT"]
[SourceTitle "CBM 186 Extra"]
[Source "ChessBase"]
[SourceDate "2018.08.24"]
[SourceVersion "1"]
[SourceVersionDate "2018.08.24"]
[SourceQuality "1"]

1. e4 d6 2. d4 Nf6 3. Nc3 g6 4. Nf3 Bg7 5. Bc4 c5 6. dxc5 Qa5 7. Bd2 Qxc5 8. Bb3 0-0 9. Be3 Qb4 10. Qd2 Nxe4 11. Nxe4 Qxe4 12. 0-0-0 Na6 13. Bh6 Qc6 14. h4 Bg4 15. Bxg7 Kxg7 16. Qd4+ e5 17. Qxg4 h5 18. Qh3 Qe4 19. Ng5 Qb4 20. Nxf7 Rxf7 21. Bxf7 Qf4+ 22. Kb1 Qxf7 23. Rxd6 Re8 24. g4 Nb4 25. Qa3 Nxc2 26. Kxc2 Qc4+ 27. Qc3 Qe4+ 28. Kb3 Qxh1 29. Qc7+ Kh8 30. Qf7 1-0